Return to sender (Record no. 117745)
[ view plain ]
| 000 -LEADER | |
|---|---|
| fixed length control field | 01308cam a2200217 4500 |
| 001 - CONTROL NUMBER | |
| control field | ABS67999 |
| 008 - FIXED-LENGTH DATA ELEMENTS--GENERAL INFORMATION | |
| fixed length control field | 040721n2004 000 0 eng u |
| 035 ## - SYSTEM CONTROL NUMBER | |
| System control number | (Sirsi) u126891 |
| 100 ## - MAIN ENTRY--PERSONAL NAME | |
| Personal name | Minogue, A. |
| 245 ## - TITLE STATEMENT | |
| Title | Return to sender |
| 260 ## - PUBLICATION, DISTRIBUTION, ETC. | |
| Date of publication, distribution, etc. | 2004 |
| 490 ## - SERIES STATEMENT | |
| Series statement | Building |
| Volume/sequential designation | 269(8338) 25 June 2004, 57(1) |
| 520 ## - SUMMARY, ETC. | |
| Summary, etc. | Discusses the position of construction industry clients who have been informed by their professional advisors that the advisors have been turned into a Limited Liability Partnership (LLP). Argues that many clients have never heard of LLP's or know what they do. They are in fact an alternative corporate vehicle established by the Limited Liability Partnership Act 2000. They allow professional partners to incorporate so that partners can obtain the benefit of limited liability without having to give up management control and responsibility. Recommends that clients receiving a notice from their advisers should not sign it to replace existing agreements but concedes that for appointments working on new topics there is probably little choice but to sign. |
| 590 ## - LOCAL NOTE (RLIN) | |
| Local note | ABS |
| 590 ## - LOCAL NOTE (RLIN) | |
| Local note | ABS |
| 650 ## - SUBJECT ADDED ENTRY--TOPICAL TERM | |
| Topical term or geographic name entry element | CONSTRUCTION INDUSTRY |
| 650 ## - SUBJECT ADDED ENTRY--TOPICAL TERM | |
| Topical term or geographic name entry element | LIMITED LIABILITY PARTNERSHIPS |
| 650 ## - SUBJECT ADDED ENTRY--TOPICAL TERM | |
| Topical term or geographic name entry element | PROFESSIONAL PARTNERSHIPS |
| 690 ## - LOCAL SUBJECT ADDED ENTRY--TOPICAL TERM (OCLC, RLIN) | |
| Topical term or geographic name as entry element | Business and management |
| 9 (RLIN) | 6226 |
| 942 ## - ADDED ENTRY ELEMENTS (KOHA) | |
| Suppress in OPAC | 0 |
| Withdrawn status | Lost status | Source of classification or shelving scheme | Damaged status | Not for loan | Home library | Current library | Shelving location | Date acquired | Total Checkouts | Full call number | Barcode | Date last seen | Copy number | Price effective from | Koha item type |
|---|---|---|---|---|---|---|---|---|---|---|---|---|---|---|---|
| Dewey Decimal Classification | London | London | Journal article | 21/07/2004 | ABS67999 | 126891-1001 | 06/08/2019 | 1 | 06/08/2019 | Journal article |